00321nam a2200121Ia 4500008004100000100002200041245004700063260004400110300000900154650001400163942000700177999001500184190216s9999||||xx |||||||||||||| ||und|| aEsmarch Sgilreath 0aFundamental Concept Of Inorganic Chemistry bMcgraw-Hill International Editionc1958 a419p aChemistry cBK c2408d2408